Statistiche per Paesi ortodossi

Clicka qui per fare il quiz!

Statistiche generali

  • Questo quiz è stato fatto 2.220 volte
  • Il punteggio medio è 15 su 20

Statistiche sulle risposte

%Paese% Corretto
59Russia
99%
87Romania
91%
52Ucraina
90%
55Bielorussia
88%
86Serbia
88%
71Bulgaria
87%
88Grecia
87%
93Moldavia
84%
14Estonia
82%
16Lettonia
82%
65Macedonia del Nord
81%
72Montenegro
77%
88Georgia
75%
99Armenia
74%
31Bosnia ed Erzegovina
74%
26Kazakistan
63%
78Cipro
61%
9Egitto
28%
55Etiopia
24%
57Eritrea
21%

Distribuzione punteggi

Percentile per numero di risposta

Percentuale di utenti per punteggio

I tuoi punteggi nel tempo

Non hai fatto questo quiz